000
00252nam a2200097Ia 4500
008
220204s9999 xx 000 0 und d
100
_a
Haribabu Kamsal
245
0
_a
Kaaryalay praveenatha (Hindi)
260
_a
New Delhi
_b
Basanth Vihar
_c
2001
942
_c
BK
999
_c
44012
_d
44012